Statistiques concernant 5 villes les plus connues par pays - #1

Cliquez ici pour prendre le quiz!

Statistiques générales

  • Ce quiz a été pris 2 331 fois
  • Le résultat moyen est 27 sur 40

Statistiques - réponses

PaysPourcentageVilles% Correct
France71,2%Paris
100%
France48,1%Marseille
99%
Etats-Unis83,4%New York
97%
Italie68,1%Rome
97%
France47,4%Lyon
96%
Allemagne69,7%Berlin
95%
Japon84,9%Tokyo
93%
Belgique57%Bruxelles
91%
Etats-Unis79,3%Los Angeles
91%
France37,7%Bordeaux
87%
Italie57,2%Milan
86%
France45,1%Nice
83%
Maroc44,1%Rabat
81%
Allemagne58,8%Munich
79%
Italie49,9%Naples
79%
Italie51,9%Venise
79%
Maroc32,9%Marrakech
75%
Etats-Unis74,3%Miami
75%
Maroc47,8%Casablanca
73%
Italie39,7%Turin
72%
Japon52,3%Kyoto
70%
Etats-Unis74,6%Chicago
69%
Inde68,7%Mumbai
68%
Inde57,4%New Delhi
62%
Etats-Unis72,3%Las Vegas
59%
Belgique18,2%Liège
57%
Allemagne47,8%Francfort
54%
Allemagne52,5%Hambourg
54%
Belgique30,2%Anvers
51%
Belgique22,1%Bruges
51%
Japon58,6%Osaka
51%
Japon55,1%Hiroshima
47%
Japon52,2%Nagasaki
45%
Allemagne43,9%Cologne
41%
Inde68,2%Delhi
37%
Maroc28,2%Fès
37%
Inde48,8%Kolkata
37%
Maroc22,9%Tanger
34%
Belgique19,9%Gand
25%
Inde36,3%Bangalore
16%

Distribution des résultats

Percentile par nombre de réponses

% des personnes avec chaque résultat

Votre développement - résultats

Vous n’avez pas pris ce quiz